| 000 | 01385nam a2200229Ia 4500 | ||
|---|---|---|---|
| 003 | Ost | ||
| 005 | 20260507075803.0 | ||
| 008 | 260507s9999||||xx |||||||||||||| ||und|| | ||
| 040 | _cfsecg | ||
| 041 | _aara | ||
| 082 | _a519.5 | ||
| 100 |
_aالعتوم، شفيق _eمؤلف |
||
| 245 | 0 |
_aالأساليب الاحصائية الجزء الأول / _c شفيق العتوم |
|
| 260 |
_a[دون مكان]: _bدار المناهج للنشر والتوزيع, _c2003 |
||
| 300 |
_a381 صفحة؛ _bإيضاحات ؛ _c30 سم |
||
| 504 | _aمراجع ص:381 | ||
| 520 | _aيتحدث هذا الكتاب عن علم الاحصاء والبيانات الاحصائية، ووصفها، كذلك مقاييس التوسط أو مقاييس النزعة المركزية والإختلاف أو مقاييس التشتت، اضافة إلى مقاييس الالتواء والتفرطح، مع تصحيحات شبرد ، اختبارات شارليه، وبعض الطرق لتلخيص البياناتمع الارتباط، والانحدار، كذلك تحليل السلاسل الزمنيةو الأرقام القياسية، وأخيرا مقدمة موجزة في الاحصاءات الديمجرافية. | ||
| 653 | _aالاحصاء | ||
| 653 | _aالسلاسل الزمنية | ||
| 700 |
_aالعاروري، فتحي _eمؤلف ثانوي |
||
| 942 | _cكتاب | ||
| 999 |
_c46324 _d46324 |
||